000 00291nam a22001337a 4500
008 170809b xxu||||| |||| 00| 0 eng d
020 _a9780672329494
041 _aeng
080 _a004
100 _a35
101 _aSHK
245 _aOFFICE 2007 SERVERS
_cBRUZZESE,J.P
942 _2udc
_cBK
999 _c22943
_d22943